000 00332nam a2200121Ia 4500
008 220217s9999||||xx |||||||||||||| ||und||
082 _a525 RAO
100 _aRao, Srinivas
_93082
245 0 _aSrinivasa Ramanujam: a mathes genics
260 _aEast west publication
_bBangalore
_c1998
300 _b175
650 _aMATHEMATICS
999 _c170797
_d170797